000 00661nam a2200217 a 4500
001 000032919
003 OSt
005 20240412074256.0
007 ta
008 110801s1961 dr c 000 0 spa d
040 _aDO-SdBNP
_bspa
_cBNPHU
082 7 4 _a863.42
_bH519m
100 1 _aHenríquez Castillo, Luis
_919632
245 1 3 _aLa montaña de azucar /
_cLuis Henríquez Castillo.
260 _aCiudad Trujillo, República Dominicana :
_bLa Nación,
_c1961.
300 _a219 p. :
_bretr. ;
_c25 cm.
650 0 _9860
_aNovela histórica dominicana.
650 0 _aLiteratura dominicana.
_967
910 _aValidado. Control de calidad MAA
942 _2ddc
_cLBS1
999 _c32410
_d32410